[Event "Brno /Olexa/"]
[Site "?"]
[Date "2013.12.28"]
[Round "4"]
[White "Kopkan, Pavel"]
[Black "Hrdlicka, Vladan"]
[Result "1-0"]
[WhiteElo "1905"]
[BlackElo "1792"]
[PlyCount "65"]

1. e4 c5 2. b4 cxb4 3. a3 b3 4. c4 Nc6 5. Bb2 d6 6. f4 Qb6 7. Nf3 Bg4 8. d4 Nf6
9. e5 dxe5 10. fxe5 Nd7 11. c5 Qa5+ 12. Nbd2 Be6 13. Rc1 f6 14. exf6 gxf6 15.
Bd3 Bh6 16. O-O Bd5 17. Bc3 Qa4 18. Qe2 Bxf3 19. Nxf3 Bxc1 20. Rxc1 a6 21. d5
Qxa3 22. Bb2 Qa5 23. dxc6 bxc6 24. Bf5 Ra7 25. Ng5 Ne5 26. Bxe5 fxe5 27. Qxe5
Rf8 28. Bxh7 Qd2 29. Qb8+ Qd8 30. Bg6+ Kd7 31. Qxa7+ Qc7 32. Qxc7+ Kxc7 33.
Ne6+ 1-0

[Event "Brno /Olexa/"]
[Site "?"]
[Date "2013.12.28"]
[Round "4"]
[White "Glacner, Karel"]
[Black "Binder, Jaroslav"]
[Result "1/2-1/2"]
[WhiteElo "1589"]
[BlackElo "1877"]
[PlyCount "142"]

1. Nf3 d6 2. g3 g6 3. Bg2 Bg7 4. d4 Nf6 5. b3 O-O 6. Bb2 c6 7. c4 Bg4 8. O-O
Na6 9. Nc3 Nc7 10. Ng5 h6 11. Nf3 Kh7 12. h3 Bxf3 13. Bxf3 Qd7 14. Bg2 Nh5 15.
Kh2 f5 16. e4 e5 17. exf5 Qxf5 18. Be4 Qg5 19. Ne2 Nf6 20. Bg2 Nd7 21. Qc2 Qe7
22. Rae1 Rae8 23. Ng1 Qf7 24. Ba3 Qf6 25. dxe5 Nxe5 26. Rd1 Re6 27. Rd2 Rfe8
28. Bb2 Qf7 29. f4 Nd7 30. f5 gxf5 31. Rxf5 Qg6 32. Rf7 R8e7 33. Rxe7 Rxe7 34.
Qxg6+ Kxg6 35. Rxd6+ Kf7 36. Bc1 Ne8 37. Rd2 Nef6 38. Ba3 Re3 39. Re2 Rxe2 40.
Nxe2 Bf8 41. Bc1 Nc5 42. Nd4 Nd3 43. Bd2 Kg6 44. Bf1 Ne5 45. Be2 Bd6 46. Ne6 b6
47. Nf4+ Kf7 48. Kg2 Ne4 49. Be1 c5 50. Bh5+ Kf6 51. Be2 Ng5 52. Nd5+ Kf5 53.
g4+ Kg6 54. Bd2 Ne4 55. Bf4 Ng5 56. Bd3+ Nxd3 57. Bxd6 Nc1 58. Nc3 Ne6 59. Bb8
a6 60. h4 b5 61. cxb5 axb5 62. a4 Nxb3 63. axb5 c4 64. Ne4 Na5 65. Be5 Nb7 66.
h5+ Kf7 67. Nc3 Nec5 68. Bf4 Kg7 69. Kf3 Ne6 70. Be5+ Kf8 71. Ke4 Ned8 {
a remíza v 89. tahu. Závìr z obou partiáøù zcela neèitelný. JK.} 1/2-1/2

[Event "Brno /Olexa/"]
[Site "?"]
[Date "2013.12.28"]
[Round "4"]
[White "Kosina, Vladimir"]
[Black "Zikan, Karel"]
[Result "1/2-1/2"]
[WhiteElo "1793"]
[BlackElo "1791"]
[PlyCount "130"]

1. e4 c6 2. d4 d5 3. e5 Bf5 4. Be3 e6 5. Nd2 Qb6 6. Nb3 Nd7 7. a4 c5 8. a5 Qc7
9. Bb5 cxd4 10. Nxd4 Qxe5 11. Ngf3 Qd6 12. O-O Bg4 13. h3 Bxf3 14. Qxf3 Ngf6
15. Rfe1 Be7 16. Bf4 Qc5 17. c3 O-O 18. b4 Qc8 19. Nf5 Qd8 20. Nxe7+ Qxe7 21.
Rad1 Rac8 22. Re3 Rfd8 23. Bg5 a6 24. Bd3 Nf8 25. h4 Kh8 26. Bb1 h6 27. Bf4
N8d7 28. Rde1 Qf8 29. g4 g6 30. Be5 Qe7 31. Bd4 Kg8 32. Qf4 Kh7 33. Rf3 Ne4 34.
Bxe4 dxe4 35. Qxf7+ Qxf7 36. Rxf7+ Kg8 37. Rg7+ Kf8 38. Rxg6 e5 39. Be3 Kf7 40.
Rxh6 Rxc3 41. Bg5 Rdc8 42. Rh7+ Ke6 43. Rxe4 R3c4 44. Re7+ Kd6 45. Rxc4 Rxc4
46. f3 Rxb4 47. h5 Nf8 48. Re8 Ne6 49. Be3 Kd7 50. Rh8 e4 51. f4 Rb3 52. Bb6
Rg3+ 53. Kf2 Rxg4 54. f5 Rf4+ 55. Ke3 Rxf5 56. Kxe4 Rg5 57. h6 Rh5 {(R)} 58.
Rh7+ Kc6 59. Be3 Rxa5 60. Rh8 Rh5 61. Rc8+ Kd7 62. Rb8 Kc7 63. Re8 Kd7 64. Rb8
Kc7 65. Re8 Kd7 1/2-1/2

[Event "Brno /Olexa/"]
[Site "?"]
[Date "2013.12.28"]
[Round "4"]
[White "Feldvabl, Vilem"]
[Black "Hala, Pavel"]
[Result "1/2-1/2"]
[WhiteElo "1772"]
[BlackElo "1593"]
[PlyCount "57"]

1. d4 d5 2. c4 Nc6 3. cxd5 Qxd5 4. Nf3 e6 5. Nc3 Bb4 6. Bd2 Bxc3 7. Bxc3 Nf6 8.
e3 a6 9. Bd3 O-O 10. O-O Re8 11. Qc2 Qd8 12. Rac1 g6 13. Rfd1 Nd5 14. Be4 Qe7
15. Ne5 Na7 16. a3 c6 17. Bxd5 exd5 18. Bb4 Qg5 19. f4 Qf5 20. Qxf5 Bxf5 21.
Kf2 f6 22. Nd3 Bxd3 23. Rxd3 b6 24. a4 a5 25. Ba3 Re6 26. b3 f5 27. h3 Kf7 28.
g4 Rg8 29. Rg1 1/2-1/2

[Event "Brno /Olexa/"]
[Site "?"]
[Date "2013.12.28"]
[Round "4"]
[White "Brhlik, Antonin"]
[Black "Vavrousek, Petr"]
[Result "1-0"]
[WhiteElo "1694"]
[BlackElo "1786"]
[PlyCount "80"]

1. e4 e6 2. d4 d5 3. Nc3 dxe4 4. Nxe4 Bd7 5. Nf3 Bc6 6. Bd3 Nd7 7. O-O Ngf6 8.
Qe2 Nxe4 9. Bxe4 Bxe4 10. Qxe4 c6 11. Bd2 Nf6 12. Qe2 Bd6 13. c4 O-O 14. b4 Re8
15. Rfe1 Qb8 16. Ne5 Bc7 17. a4 Rd8 18. Bc3 a5 19. b5 cxb5 20. axb5 a4 21. Ra3
Bb6 22. Qb2 Qa7 23. c5 Ba5 24. Bxa5 Qxa5 25. Rea1 Qc7 26. Nc4 Ng4 27. g3 e5 28.
Nd6 b6 29. Rxa4 Rxa4 30. Rxa4 bxc5 31. dxe5 h5 32. f4 f6 {(R)} 33. Qa2+ Kh7 34.
Ra7 Qb8 35. Qf7 Rg8 36. Nf5 Nh6 37. Nxh6 Kxh6 38. g4 hxg4 39. exf6 Qxf4 40.
fxg7 Qc1+ {a èerný pøekroèil èas.} 1-0

[Event "Brno /Olexa/"]
[Site "?"]
[Date "2013.12.28"]
[Round "4"]
[White "Doskar, Miloslav"]
[Black "Divis, Jan"]
[Result "1/2-1/2"]
[WhiteElo "1738"]
[BlackElo "1739"]
[PlyCount "72"]

1. d4 Nf6 2. c4 e6 3. Nc3 d5 4. Nf3 c6 5. e3 Bb4 6. Qc2 Nbd7 7. a3 Bxc3+ 8.
Qxc3 Ne4 9. Qc2 Ndf6 10. Bd3 O-O 11. O-O g6 12. b3 Bd7 13. Bb2 Rc8 14. Rac1 a6
15. Qb1 Qe7 16. c5 Rb8 17. b4 Rfc8 18. Qc2 b5 19. Ne5 h6 20. f3 Ng5 21. Bc3 Be8
22. Be1 Nd7 23. Bg3 Nxe5 24. Bxe5 Rb7 25. h4 Nh7 26. g3 Nf8 27. Qd2 f6 28. Bd6
Qg7 29. Rf2 Nd7 30. f4 f5 31. Rg2 h5 32. Be2 Qf7 33. Ra1 Nf6 34. Bf3 Ra7 35.
Qe1 Rca8 36. Rga2 a5 1/2-1/2

[Event "Brno /Olexa/"]
[Site "?"]
[Date "2013.12.28"]
[Round "5"]
[White "Paral, Stanislav"]
[Black "Kopkan, Pavel"]
[Result "1-0"]
[WhiteElo "2068"]
[BlackElo "1905"]
[PlyCount "101"]

1. e4 d5 2. exd5 Nf6 3. d4 Bg4 4. f3 Bf5 5. c4 c6 6. Nc3 e6 7. dxe6 Bxe6 8. Be3
Bb4 9. Qb3 Qe7 10. O-O-O Bxc4 11. Bxc4 Qxe3+ 12. Kb1 Qe7 13. Bxf7+ Kf8 14. Bc4
a5 15. Nh3 a4 16. Qc2 Bxc3 17. bxc3 b5 18. Rhe1 Qa3 19. Be6 Na6 20. Qb2 Qd6 21.
Ng5 Rb8 22. Nf7 Qxh2 23. Nxh8 b4 24. c4 a3 25. Qc1 Qxg2 26. Re3 Nc7 27. d5 cxd5
28. cxd5 Rb5 29. Rd2 Qg5 30. Qc6 Nxe6 31. Qd6+ Kg8 32. Qxe6+ Kxh8 33. Qe8+ Ng8
34. Qxb5 Qxe3 35. Qd3 Qe1+ 36. Kc2 Qe5 37. Kb3 Qd6 38. Rc2 h5 39. Rc6 Qe5 40.
Kxb4 h4 41. Rc4 Qb2+ 42. Ka4 Qf2 43. Kxa3 Nh6 44. Rc8+ Ng8 45. Qf5 Qe3+ 46. Kb4
Qb6+ 47. Kc4 Qh6 48. Qe6 Qf4+ 49. Kb5 Kh7 50. Qxg8+ Kg6 51. Rc6+ 1-0

[Event "Brno /Olexa/"]
[Site "?"]
[Date "2013.12.28"]
[Round "5"]
[White "Snorek, Milan"]
[Black "Glacner, Karel"]
[Result "1-0"]
[WhiteElo "2129"]
[BlackElo "1589"]
[PlyCount "87"]

1. d4 Nf6 2. Nf3 g6 3. c4 Bg7 4. Nc3 d5 5. Bg5 O-O 6. Bxf6 Bxf6 7. Nxd5 Bg7 8.
e3 c5 9. Be2 Nc6 10. O-O Bg4 11. dxc5 e6 12. Nc3 Qa5 13. Nd4 Bxe2 14. Ndxe2 Ne5
15. Rc1 Nxc4 16. Qc2 Ne5 17. Na4 Rac8 18. a3 Nd7 19. b4 Qc7 20. Qb3 Be5 21. f4
Bf6 22. e4 e5 {(R)} 23. g3 exf4 24. gxf4 Rce8 25. Nac3 Rc8 26. Qc4 Nb6 27. Qd3
Rfd8 28. Qf3 Nc4 29. Nd5 Rxd5 30. Rxc4 Rd2 31. e5 Bh4 32. f5 g5 33. Rd4 Rxd4
34. Nxd4 Re8 35. e6 f6 36. Nb5 Qc6 37. Qxc6 bxc6 38. Nxa7 Ra8 39. Nxc6 Rxa3 40.
Rd1 Re3 41. Rd8+ Kg7 42. e7 Re1+ 43. Kg2 g4 44. e8=Q 1-0

[Event "Brno /Olexa/"]
[Site "?"]
[Date "2013.12.28"]
[Round "5"]
[White "Binder, Jaroslav"]
[Black "Kosina, Vladimir"]
[Result "1/2-1/2"]
[WhiteElo "1877"]
[BlackElo "1793"]
[PlyCount "52"]

1. e4 c5 2. Ne2 e6 3. d3 d6 4. g3 Nc6 5. Bg2 Nf6 6. Nbc3 a6 7. f4 Rb8 8. O-O
Be7 9. h3 Bd7 10. Be3 b5 11. Qd2 Qb6 12. Kh2 Nd4 13. Nd1 O-O 14. c3 Nxe2 15.
Qxe2 Bc6 16. Nf2 Qb7 17. Rad1 Rfd8 18. Bc1 b4 19. cxb4 cxb4 20. b3 a5 21. Bb2
d5 22. Ng4 dxe4 23. Nxf6+ Bxf6 24. Bxf6 gxf6 25. Bxe4 f5 26. Bxc6 Qxc6 1/2-1/2

[Event "Brno /Olexa/"]
[Site "?"]
[Date "2013.12.28"]
[Round "5"]
[White "Hrdlicka, Vladan"]
[Black "Spodny, Josef"]
[Result "1/2-1/2"]
[WhiteElo "1792"]
[BlackElo "2009"]
[PlyCount "63"]

1. e4 e5 2. Nf3 Nc6 3. Bc4 Nf6 4. d3 Be7 5. c3 O-O 6. Qe2 d6 7. Bb3 Bg4 8. Nbd2
Nd7 9. Nf1 Nc5 10. Bc2 Ne6 11. Ne3 Nf4 12. Qd1 Be6 13. d4 Bd7 14. O-O Bf6 15.
Nd5 Nxd5 16. exd5 Ne7 17. dxe5 dxe5 18. Re1 Bg4 19. Be4 Ng6 20. h3 Bxf3 21.
Qxf3 Re8 22. Be3 Bg5 23. Bc5 Be7 24. b4 Bxc5 25. bxc5 Qe7 26. Rab1 Rab8 27. Qe3
b6 28. cxb6 axb6 29. Rb3 Qd6 30. Reb1 Ra8 31. R3b2 Ra5 32. Rc2 1/2-1/2

[Event "Brno /Olexa/"]
[Site "?"]
[Date "2013.12.28"]
[Round "5"]
[White "Hala, Pavel"]
[Black "Brhlik, Antonin"]
[Result "0-1"]
[WhiteElo "1593"]
[BlackElo "1694"]
[PlyCount "84"]

1. c4 e6 2. Nc3 d5 3. cxd5 exd5 4. d4 Nf6 5. a3 a5 6. Bg5 Be7 7. Bxf6 Bxf6 8.
e3 O-O 9. Bd3 Re8 10. Nge2 c5 11. O-O c4 12. Bc2 Na6 13. Ba4 Re7 14. h3 Nc7 15.
Nf4 g6 16. Qf3 Be6 17. Nxe6 Rxe6 18. Rfe1 Rb8 19. Bb5 Qd6 20. g3 Rd8 21. Qg2
Qe7 22. Kf1 Bg7 23. Re2 Bxd4 24. exd4 Rxe2 25. Nxe2 Nxb5 26. Rd1 Nc7 27. Nc3
Re8 28. Qf3 b5 29. Qf4 b4 30. axb4 axb4 31. Na4 Qe2+ 32. Kg2 Qxd1 33. Nc5 Ne6
34. Qe5 Qxd4 35. Nd7 Qxe5 36. Nxe5 c3 37. bxc3 bxc3 38. Nd3 Nd4 39. Kf1 c2 40.
Nc1 Nf3 41. Kg2 Nd2 42. f3 Re1 0-1

[Event "Brno /Olexa/"]
[Site "?"]
[Date "2013.12.28"]
[Round "5"]
[White "Zikan, Karel"]
[Black "Martirosyan, Ara"]
[Result "1/2-1/2"]
[WhiteElo "1791"]
[BlackElo "1627"]
[PlyCount "43"]

1. Nf3 Nf6 2. c4 g6 3. Nc3 Bg7 4. g3 O-O 5. Bg2 d6 6. O-O e5 7. d3 Nbd7 8. Rb1
a5 9. a3 Re8 10. Qc2 Rb8 11. b4 axb4 12. axb4 b6 13. Bb2 Bb7 14. e4 Nh5 15. Nh4
Nf4 16. Nd5 Nxg2 17. Nxg2 f5 18. f3 c6 19. Nde3 fxe4 20. fxe4 Qe7 21. Ra1 Ra8
22. Rxa8 {(R)} 1/2-1/2

[Event "Brno /Olexa/"]
[Site "?"]
[Date "2013.12.28"]
[Round "5"]
[White "Feldvabl, Vilem"]
[Black "Doskar, Miloslav"]
[Result "1/2-1/2"]
[WhiteElo "1772"]
[BlackElo "1738"]
[PlyCount "113"]

1. d4 Nf6 2. Nf3 e6 3. Bg5 Be7 4. e3 h6 5. Bh4 O-O 6. Bd3 b6 7. O-O Bb7 8. Nbd2
d6 9. Qe2 c5 10. c3 Nbd7 11. Ba6 Qc8 12. Bxb7 Qxb7 13. Rac1 Rfe8 14. Bg3 Rac8
15. Rfd1 Nh5 16. Nf1 Ndf6 17. h3 Ne4 18. Bh2 g6 19. N3d2 Nhf6 20. Nxe4 Nxe4 21.
f3 Ng5 22. dxc5 dxc5 23. Rd2 Red8 24. Rcd1 Rxd2 25. Rxd2 Rd8 26. Rxd8+ Bxd8 27.
Qb5 Kg7 28. Nd2 Qd5 29. Nc4 Bf6 30. Qb3 e5 31. f4 exf4 32. exf4 Ne4 33. Ne5
Qxb3 34. axb3 Nd2 35. Nc6 a5 36. f5 Nxb3 37. Bc7 a4 38. Bxb6 gxf5 39. Na5 Nxa5
40. Bxa5 Bg5 41. c4 Be3+ 42. Kf1 Bd4 43. Ke2 Bxb2 44. Kd2 Bd4 45. Kc2 Kf6 46.
Bd2 h5 47. Bf4 Ke6 48. Kb1 a3 49. Ka2 Bb2 50. Kb3 h4 51. Ka2 f6 52. Kb3 Be5 53.
Be3 Kd6 54. Kxa3 f4 55. Bf2 f3 56. gxf3 Bg3 57. Be3 1/2-1/2

[Event "Brno /Olexa/"]
[Site "?"]
[Date "2013.12.28"]
[Round "5"]
[White "Vavrousek, Petr"]
[Black "Richterova, Julie"]
[Result "1-0"]
[WhiteElo "1786"]
[BlackElo "1440"]
[PlyCount "141"]

1. e4 d5 2. exd5 Qxd5 3. Nc3 Qd6 4. Nf3 c6 5. Bc4 Nf6 6. h3 Bf5 7. O-O e6 8. d4
Nbd7 9. Nh4 Bg6 10. Nxg6 hxg6 11. Ne2 Qc7 12. Bf4 Bd6 13. Bxd6 Qxd6 14. c3 g5
15. Ng3 O-O-O 16. Be2 Rh6 17. c4 Rh4 18. d5 exd5 19. Nf5 Qf4 20. Nxh4 Qxh4 21.
cxd5 Nxd5 22. Rc1 Nf4 23. Bg4 Kc7 24. Qa4 Nb6 25. Qe4 Nd7 26. Rcd1 g6 27. Rxd7+
Rxd7 28. Bxd7 Kxd7 29. Rd1+ Nd5 30. Qe2 Qh6 31. Re1 f6 32. Qe8+ Kc7 33. Qa8 a6
34. Re8 Kb6 35. Qd8+ Ka7 36. Qd6 Kb6 37. a3 g4 38. hxg4 Qc1+ 39. Kh2 Qxb2 40.
Qg3 g5 41. Re1 Qc2 42. Kg1 Nf4 43. Qe3+ Ka5 44. g3 Nd5 45. Qe4 Qc5 46. Qd3 Kb6
47. Rb1+ Ka7 48. a4 Nc3 49. Rb3 Nxa4 50. Qe3 Qxe3 51. Rxe3 Nb6 52. Rd3 Nd5 53.
Rd4 Kb6 54. f4 Ne3 55. fxg5 fxg5 56. Re4 Nc2 57. Re5 Nd4 58. Kf2 Kc7 59. Rxg5
Kd7 60. Rg7+ Kc8 61. Re7 a5 62. Ke3 Nc2+ 63. Kf4 a4 64. g5 a3 65. Re8+ Kd7 66.
Ra8 Ke7 67. Ke5 Kf7 68. Kf5 b5 69. g6+ Kg7 70. Ra7+ Kg8 71. Kf6 1-0

[Event "Brno /Olexa/"]
[Site "?"]
[Date "2013.12.29"]
[Round "6"]
[White "Snorek, Milan"]
[Black "Paral, Stanislav"]
[Result "1-0"]
[WhiteElo "2129"]
[BlackElo "2068"]
[PlyCount "53"]

1. d4 Nf6 2. Nf3 e6 3. c4 d5 4. cxd5 exd5 5. Bg5 h6 6. Bh4 c6 7. Nc3 Na6 8. a3
Nc7 9. Qc2 Be7 10. e3 Ne6 11. Bd3 a6 12. O-O g5 13. Bg3 Nh5 14. Be5 Nhg7 15.
Bxg7 Nxg7 16. Ne5 h5 17. f4 g4 18. f5 f6 19. Ng6 Rg8 20. Kh1 b5 21. e4 Kf7 22.
exd5 cxd5 23. Nxd5 Qxd5 24. Be4 Qxe4 25. Qxe4 Bxf5 26. Rxf5 Nxf5 27. Qxf5 1-0

[Event "Brno /Olexa/"]
[Site "?"]
[Date "2013.12.29"]
[Round "6"]
[White "Kopkan, Pavel"]
[Black "Binder, Jaroslav"]
[Result "0-1"]
[WhiteElo "1905"]
[BlackElo "1877"]
[PlyCount "77"]

1. e4 d6 2. f4 g6 3. Nf3 Bg7 4. d4 e6 5. c4 Ne7 6. Nc3 O-O 7. Be3 c6 8. Be2 Nd7
9. g4 d5 10. h4 Nf6 11. Nd2 Nxe4 12. Ndxe4 dxe4 13. Nxe4 f5 14. Nc3 fxg4 15.
Bxg4 Nf5 16. Bxf5 exf5 17. Qd2 Be6 18. b3 Qa5 19. O-O-O Rad8 20. h5 Bf7 21.
hxg6 Bxg6 22. Kc2 Rfe8 23. Rh3 b5 24. cxb5 cxb5 25. Kb2 Bf8 26. Nb1 Qxd2+ 27.
Rxd2 Bg7 28. Kc3 a5 29. b4 axb4+ 30. Kxb4 Bf8+ 31. Kb3 Bf7+ 32. Kb2 Bg7 33. Nc3
b4 34. Ne2 Ra8 35. Nc1 Rac8 36. Nd3 Rxe3 37. Rxe3 Bxd4+ 38. Kb1 Bxe3 39. Rg2+
0-1

[Event "Brno /Olexa/"]
[Site "?"]
[Date "2013.12.29"]
[Round "6"]
[White "Brhlik, Antonin"]
[Black "Hrdlicka, Vladan"]
[Result "1-0"]
[WhiteElo "1694"]
[BlackElo "1792"]
[PlyCount "141"]

1. e4 c5 2. Nf3 e6 3. d4 cxd4 4. Nxd4 a6 5. Bd3 Qc7 6. Nc3 b5 7. a3 Bb7 8. Qe2
d6 9. O-O Nc6 10. Nxc6 Bxc6 11. Be3 Nf6 12. f4 h5 13. f5 e5 14. Qf3 Qb7 15. Bg5
Be7 16. Bxf6 Bxf6 17. Qe3 Rd8 18. Rfd1 O-O 19. Be2 h4 20. Nd5 Bxd5 21. Rxd5 Rd7
22. Rad1 Be7 23. c3 Rc7 24. Bf1 Rfc8 25. Be2 Rc5 26. Bf1 R8c6 27. Be2 Bd8 28.
Kh1 Qe7 29. Qd2 Rxd5 30. Qxd5 Rb6 31. Qd2 Qg5 32. Qxg5 Bxg5 33. g3 Kh7 34. Kg2
g6 35. fxg6+ Kxg6 36. g4 Be7 37. Kf3 Rb8 38. Rd5 Rc8 39. Bd1 Kf6 40. Be2 Rc5
41. Rd1 Ke6 42. Rd3 d5 43. exd5+ Rxd5 44. Ke4 Rxd3 45. Bxd3 Bg5 46. b3 Kd6 47.
c4 Bf4 48. h3 Kc5 49. cxb5 axb5 50. a4 bxa4 51. bxa4 Kb4 52. Bb5 f6 53. Kd3 Kc5
54. Ke4 Bd2 55. Bd7 Kc4 56. Bb5+ Kc3 57. a5 Be1 58. Ke3 Bd2+ 59. Ke2 Kb4 60. a6
Kxb5 61. a7 Bg5 62. a8=Q Kc5 63. Qd8 Kc4 64. Qd3+ Kc5 65. Kf3 Bf4 66. Ke4 Bg5
67. Qd5+ Kb4 68. Qc6 Kb3 69. Kd3 Kb2 70. Qc3+ Kb1 71. Qb3+ 1-0

[Event "Brno /Olexa/"]
[Site "?"]
[Date "2013.12.29"]
[Round "6"]
[White "Glacner, Karel"]
[Black "Spodny, Josef"]
[Result "0-1"]
[WhiteElo "1589"]
[BlackElo "2009"]
[PlyCount "64"]

1. Nf3 Nf6 2. g3 d5 3. Bg2 c5 4. d4 e6 5. b3 Nc6 6. O-O cxd4 7. Nxd4 Bc5 8. Bb2
Nxd4 9. Bxd4 Bxd4 10. Qxd4 O-O 11. Rd1 Bd7 12. c4 Bc6 13. Nc3 dxc4 14. Qxd8
Rfxd8 15. Rxd8+ Rxd8 16. Bxc6 bxc6 17. bxc4 Rb8 18. Rb1 Rxb1+ 19. Nxb1 Kf8 20.
Nc3 Ke7 21. f3 Kd6 22. Na4 Nd7 23. Kf2 Ne5 24. Nb2 Kc5 25. Nd3+ Nxd3+ 26. exd3
Kd4 27. Ke2 e5 28. g4 h6 29. h4 g6 30. Kd2 f6 31. Ke2 h5 32. g5 fxg5 0-1

[Event "Brno /Olexa/"]
[Site "?"]
[Date "2013.12.29"]
[Round "6"]
[White "Kosina, Vladimir"]
[Black "Martirosyan, Ara"]
[Result "1/2-1/2"]
[WhiteElo "1793"]
[BlackElo "1627"]
[PlyCount "117"]

1. e3 Nf6 2. b3 g6 3. Bb2 Bg7 4. Nf3 O-O 5. Be2 d6 6. O-O e5 7. d4 exd4 8. Nxd4
Nbd7 9. Nf3 b6 10. Qc1 Bb7 11. Rd1 Qe7 12. Nc3 Ne5 13. Nxe5 dxe5 14. a4 Rfd8
15. Ba3 c5 16. Bb2 Rxd1+ 17. Bxd1 Rd8 18. Ne2 Rd7 19. c4 Ng4 20. h3 {(R)} Nh6
21. Bc3 Nf5 22. Bc2 Qg5 23. e4 Qxc1+ 24. Rxc1 Nd4 25. Bxd4 exd4 26. Bd3 Re7 27.
Ng3 Bh6 28. Re1 Bd2 29. Re2 Bf4 30. Nf1 f5 31. f3 fxe4 32. fxe4 Kg7 33. g3 Bh6
34. Kg2 Kf6 35. Rf2+ Ke5 36. Re2 Rf7 37. Nh2 Bc8 38. Ng4+ Bxg4 39. hxg4 Be3 40.
Ra2 a5 41. Re2 Kf6 42. Re1 Kg5 43. Rf1 Rxf1 44. Bxf1 Kxg4 45. Be2+ Kg5 46. Kf3
h5 47. Bd3 Kf6 48. e5+ Kg7 49. e6 g5 50. e7 Kf7 51. e8=Q+ Kxe8 52. Bg6+ Ke7 53.
Bxh5 Kf6 54. Ke4 Bf2 55. g4 Be3 56. Be8 Bf2 57. Bd7 d3 58. Kxd3 Ke5 59. Bf5
1/2-1/2

[Event "Brno /Olexa/"]
[Site "?"]
[Date "2013.12.29"]
[Round "6"]
[White "Zikan, Karel"]
[Black "Feldvabl, Vilem"]
[Result "1-0"]
[WhiteElo "1791"]
[BlackElo "1772"]
[PlyCount "45"]

1. Nf3 Nf6 2. c4 c5 3. Nc3 Nc6 4. g3 g6 5. Bg2 Bg7 6. O-O O-O 7. d4 cxd4 8.
Nxd4 Qb6 9. e3 Nxd4 10. Qxd4 Qxd4 11. exd4 Rb8 12. Re1 Re8 13. Nb5 e6 14. Bf4
a6 15. Bxb8 axb5 16. cxb5 d5 17. Be5 Bd7 18. a4 Rc8 19. Rec1 Ne8 20. Rxc8 Bxc8
21. Bxg7 Kxg7 22. a5 Nd6 23. a6 1-0

[Event "Brno /Olexa/"]
[Site "?"]
[Date "2013.12.29"]
[Round "6"]
[White "Divis, Jan"]
[Black "Richterova, Julie"]
[Result "0-1"]
[WhiteElo "1739"]
[BlackElo "1440"]
[PlyCount "78"]

1. d4 Nf6 2. Nf3 g6 3. Bf4 Bg7 4. c3 O-O 5. e3 d6 6. Nbd2 Bf5 7. Nh4 Bg4 8. Qb3
Qc8 9. h3 Bd7 10. Nhf3 Bc6 11. Qc2 Bxf3 12. Nxf3 d5 13. Bd3 Nbd7 14. Ne5 e6 15.
g4 c5 16. Nxd7 Nxd7 17. Bd6 Re8 18. Bb5 cxd4 19. exd4 Bxd4 20. O-O-O Bg7 21.
Qa4 Nb6 22. Qc2 Nd7 23. g5 a6 24. Be2 Qc6 25. Bg3 Rec8 26. Bf3 b5 27. a3 a5 28.
Kb1 b4 29. Qb3 bxc3 30. Qc2 Ra7 31. b3 Rb7 32. Ka2 Nc5 33. Rb1 Na6 34. Rbc1 Ra7
35. Rhd1 Nb4+ 36. axb4 axb4+ 37. Kb1 Rca8 38. Qd3 Ra1+ 39. Kc2 R8a2# 0-1

[Event "Brno /Olexa/"]
[Site "?"]
[Date "2013.12.30"]
[Round "7"]
[White "Brhlik, Antonin"]
[Black "Snorek, Milan"]
[Result "0-1"]
[WhiteElo "1694"]
[BlackElo "2129"]
[PlyCount "80"]

1. e4 c5 2. Nf3 e6 3. d4 cxd4 4. Nxd4 a6 5. Bd3 Qc7 6. Nc3 Nf6 7. f4 Bc5 8. Nb3
Bb4 9. Bd2 d5 10. e5 Nfd7 11. Qg4 Bf8 12. O-O h5 13. Qg5 Nc5 14. Nxc5 Bxc5+ 15.
Kh1 g6 16. Rae1 Qe7 17. Qg3 b5 18. Qh3 Bb7 19. a4 b4 20. Ne2 Nc6 21. Rf3 O-O-O
22. Rff1 Kb8 23. Nc1 Nd4 24. c3 Nf5 25. Nb3 bxc3 26. bxc3 Bb6 27. a5 Ba7 28.
Rb1 Ka8 29. Bxf5 gxf5 30. Nd4 Qa3 31. Rb3 Qa2 32. Rfb1 Rd7 33. R3b2 Qa3 34. Qd3
Qxa5 35. c4 dxc4 36. Bxa5 cxd3 37. Nf3 h4 38. Bd2 h3 39. Ne1 hxg2+ 40. Nxg2 Rg8
0-1

[Event "Brno /Olexa/"]
[Site "?"]
[Date "2013.12.30"]
[Round "7"]
[White "Binder, Jaroslav"]
[Black "Paral, Stanislav"]
[Result "0-1"]
[WhiteElo "1877"]
[BlackElo "2068"]
[PlyCount "46"]

1. e4 Nf6 2. Nc3 d5 3. exd5 Nxd5 4. Nxd5 Qxd5 5. d4 Nc6 6. Be3 e5 7. dxe5 Qxe5
8. c3 Bc5 9. Nf3 Qe7 10. Qd2 O-O 11. Be2 Bxe3 12. Qxe3 Qxe3 13. fxe3 Be6 14.
Nd4 Bd5 15. Bf3 Bxf3 16. gxf3 Ne5 17. O-O c5 18. Nf5 Rfd8 19. Rf2 Rd3 20. Kg2
g6 21. Nh6+ Kg7 22. Ng4 Nc4 23. e4 h5 0-1

[Event "Brno /Olexa/"]
[Site "?"]
[Date "2013.12.30"]
[Round "7"]
[White "Spodny, Josef"]
[Black "Kopkan, Pavel"]
[Result "1/2-1/2"]
[WhiteElo "2009"]
[BlackElo "1905"]
[PlyCount "103"]

1. d4 Nf6 2. Nf3 c5 3. e3 d5 4. Nbd2 Bg4 5. h3 Bf5 6. dxc5 Nc6 7. Nd4 Bg6 8.
Bb5 Rc8 9. O-O e5 10. Bxc6+ bxc6 11. N4b3 a5 12. a4 Nd7 13. f4 f5 14. fxe5 Nxe5
15. Nf3 Nc4 16. Nfd4 Qf6 17. Qf3 Be7 18. g4 fxg4 19. Qxg4 Qg5 20. Ne6 Qxg4+ 21.
hxg4 Bxc2 22. Nbd4 Be4 23. b3 Ne5 24. Bd2 Nxg4 25. Rf4 h5 26. Raf1 Bf6 27. Rxe4
dxe4 28. Rf4 Bxd4 29. Nxd4 Nf6 30. Bxa5 h4 31. Nf5 Rb8 32. Nd4 Kf7 33. b4 g5
34. Rf1 Rbc8 35. Nf5 Ke6 36. Ng7+ Ke7 37. Nf5+ Kd7 38. Nd4 Rhf8 39. b5 cxb5 40.
axb5 Nd5 41. c6+ Kd6 42. Rf5 Rxf5 43. Nxf5+ Kc5 44. Bd2 Ra8 45. Nd4 Ra1+ 46.
Kf2 h3 47. Nb3+ Kxb5 48. Nxa1 Kxc6 49. Nb3 g4 50. Nd4+ Kc5 51. Nf5 Kc4 52. Nh6
1/2-1/2

[Event "Brno /Olexa/"]
[Site "?"]
[Date "2013.12.30"]
[Round "7"]
[White "Doskar, Miloslav"]
[Black "Kosina, Vladimir"]
[Result "1/2-1/2"]
[WhiteElo "1738"]
[BlackElo "1793"]
[PlyCount "46"]

1. d4 d5 2. c4 c6 3. Nf3 Nf6 4. Nc3 e6 5. e3 Nbd7 6. Bd3 Bb4 7. Qc2 Qe7 8. a3
Ba5 9. Bd2 Bc7 10. O-O O-O 11. Rac1 h6 12. g3 Nb6 13. cxd5 exd5 14. Rfe1 Bg4
15. Nh4 Rfe8 16. e4 dxe4 17. Nxe4 Nxe4 18. Rxe4 Qd7 19. Rce1 Rxe4 20. Rxe4 Be6
21. Bb4 Rd8 22. Ng2 Nd5 23. Bd2 Bf5 {(R)} 1/2-1/2

[Event "Brno /Olexa/"]
[Site "?"]
[Date "2013.12.30"]
[Round "7"]
[White "Martirosyan, Ara"]
[Black "Hala, Pavel"]
[Result "1-0"]
[WhiteElo "1627"]
[BlackElo "1593"]
[PlyCount "135"]

1. e4 Nc6 2. Nf3 d6 3. d4 e6 4. Nc3 a6 5. a4 g6 6. Be3 Bg7 7. Be2 d5 8. exd5
exd5 9. O-O Nge7 10. Qd2 Be6 11. Bh6 Nf5 12. Bxg7 Nxg7 13. Ng5 Qf6 14. Nxe6
fxe6 15. Rad1 O-O 16. Bf3 Nf5 17. Bg4 Nfxd4 18. Ne2 Nf5 19. Nf4 Rad8 20. Rfe1
Rfe8 21. Qc3 Qxc3 22. bxc3 Kf7 23. Bxf5 gxf5 24. Re3 Rd6 25. Rh3 Rh8 26. Rh6
Nd8 27. Rd3 Kg7 28. Rdh3 e5 29. Rxd6 cxd6 30. Nxd5 f4 31. Rd3 Nf7 32. f3 Rc8
33. Ne7 Rd8 34. c4 Kf8 35. Nd5 Rc8 36. Nb6 Rc7 37. a5 Ke8 38. Kf2 Rc5 39. Rd5
Kd8 40. Ke2 Kc7 41. Rxc5+ dxc5 42. Kd3 Kd6 43. Ke4 Ke6 44. Na4 Nd6+ 45. Kd3 Kd7
46. Nxc5+ Kc6 47. Na4 Kd7 48. Nb6+ Kc6 49. c3 h5 50. h3 h4 51. Na4 Kd7 52. c5
Nf5 53. Ke4 Ke6 54. c6 Ng3+ 55. Kd3 bxc6 56. Nc5+ Kd5 57. Nxa6 Nf5 58. Nb4+ Kc5
59. Ke4 Ne3 60. Kxe5 Nxg2 61. Ke4 Kb5 62. c4+ Kxa5 63. Nxc6+ Kb6 64. Ne5 Kc5
65. Nd3+ Kxc4 66. Nxf4 Ne1 67. Ng6 Ng2 68. f4 1-0

[Event "Brno /Olexa/"]
[Site "?"]
[Date "2013.12.30"]
[Round "7"]
[White "Hrdlicka, Vladan"]
[Black "Zikan, Karel"]
[Result "1-0"]
[WhiteElo "1792"]
[BlackElo "1791"]
[PlyCount "113"]

1. e4 c6 2. d4 d5 3. Nc3 dxe4 4. Nxe4 Bf5 5. Ng3 Bg6 6. h4 h6 7. h5 Bh7 8. Nf3
Nd7 9. Bd3 Bxd3 10. Qxd3 Qc7 11. Bd2 e6 12. c4 Ngf6 13. Qe2 Be7 14. O-O-O O-O-O
15. Kb1 Kb8 16. Nf5 Bf8 17. Ne3 Bd6 18. g3 Ka8 19. Nc2 c5 20. b4 cxb4 21. c5
Be7 22. Nxb4 Nb8 23. Bf4 Qa5 24. Qc4 Nd5 25. Nxd5 Rxd5 26. Ne5 Rf8 27. Rd3 Bf6
28. Rhd1 Bxe5 29. Bxe5 f6 30. Bd6 Re8 31. g4 Nc6 32. a4 Qb4+ 33. Qxb4 Nxb4 34.
Rb3 Nc6 35. Rbd3 Rd8 36. Kb2 Rd7 37. Kc3 Nd8 38. Kc4 Nf7 39. Bg3 Nd8 40. f3 b6
41. Rb1 e5 42. Rbd1 bxc5 43. dxe5 Rxd3 44. Rxd3 Rxd3 45. Kxd3 fxe5 46. Bxe5 Ne6
47. Kc4 Kb7 48. Kd5 Ng5 49. f4 Nf3 50. Bxg7 Nh2 51. g5 hxg5 52. fxg5 Nf3 53.
Bf6 Nh4 54. Kxc5 Kc7 55. g6 Nf5 56. g7 Nh6 57. Bg5 1-0